=LDR 00000nam 2200000 4500 =001 INLIS000000000052572 =005 20180219084631 =035 ##$$a 0010-0218000268 =007 ta =008 180219###########################0###### =020 ##$$a 978-602-444-012-1 =082 ##$$a 372 =084 ##$$a 372 TEM =245 ##$$a Tematik tema 8 : $b Tempat tinggalku -SD/MI kelas IV/4 =260 ##$$a jakarta :$b Bumi Aksara,$c 2016 =300 ##$$a Viii ,126 hlm : $b ilus. ; $c 27 cm =650 ##$$a Pendidikan dasar (SD) =520 ##$$a Bibliografi : hlm 118 =990 ##$$a 40404040 =990 ##$$a 40404040 =990 ##$$a 40404040 =990 ##$$a 40404040 =990 ##$$a 40404040 =990 ##$$a 21709536 =990 ##$$a 01201804040 =990 ##$$a 01201804041 =990 ##$$a 01201804042 =990 ##$$a 01201804043 =990 ##$$a 21709537 =990 ##$$a 01201804040 =990 ##$$a 01201804041 =990 ##$$a 01201804042 =990 ##$$a 21709536 =990 ##$$a 21709538 =990 ##$$a 01201804040 =990 ##$$a 01201804041 =990 ##$$a 21709537 =990 ##$$a 21709536 =990 ##$$a 21709539 =990 ##$$a 01201804040 =990 ##$$a 21709538 =990 ##$$a 21709537 =990 ##$$a 21709536 =990 ##$$a 21709540 =990 ##$$a 21709539 =990 ##$$a 21709538 =990 ##$$a 21709537 =990 ##$$a 21709536